Zmarená investícia
Článok približuje zmarenú investíciu z pohľadu účtovných predpisov, zákona o dani z príjmov a zákona o DPH. Upozorňuje aj na najčastejšie chyby, ktorým sa treba vyhnúť, s praktickými príkladmi účtovania a súvislým príkladom na zmarenú investíciu.
Saved in:
| Main Author: | |
|---|---|
| Format: | Book Chapter |
| Language: | Slovak |
| Subjects: | |
| Tags: |
No Tags, Be the first to tag this record!
|
MARC
| LEADER | 00000naa a2200000 4500 | ||
|---|---|---|---|
| 001 | 0313041 | ||
| 005 | 20251104160045.4 | ||
| 041 | 0 | |a slo | |
| 044 | |a SK | ||
| 245 | 1 | 0 | |a Zmarená investícia |c Zuzana Uríková |
| 520 | |a Článok približuje zmarenú investíciu z pohľadu účtovných predpisov, zákona o dani z príjmov a zákona o DPH. Upozorňuje aj na najčastejšie chyby, ktorým sa treba vyhnúť, s praktickými príkladmi účtovania a súvislým príkladom na zmarenú investíciu. | ||
| 610 | 2 | 0 | |a účtovníctvo daňové |
| 610 | 2 | 0 | |a dane z príjmov |
| 610 | 2 | 0 | |a dane z hodnoty pridanej |
| 610 | 2 | 0 | |a investície |
| 610 | 2 | 0 | |a priznania daňové |
| 610 | 2 | 0 | |a postupy účtovné |
| 610 | 2 | 0 | |a zákony |
| 100 | 1 | |a Uríková, Zuzana | |